[Event "Sachsen-Anhalt-ch op"]
[Site "Magdeburg"]
[Date "2022.10.30"]
[Round "4"]
[White "Buschies, Edgar"]
[Black "Knappe, Stefan1111"]
[Result "1-0"]
[WhiteElo "1554"]
[BlackElo "1301"]
[PlyCount "43"]
[EventDate "2022.10.29"]
[EventType "swiss"]
[EventRounds "7"]
[EventCountry "GER"]
[SourceTitle "CBM 211 Extra"]
[Source "ChessBase"]
[SourceDate "2023.01.31"]
[SourceVersion "1"]
[SourceVersionDate "2023.01.31"]
[SourceQuality "1"]

1. e4 d6 2. d4 e6 3. c4 Be7 4. Nc3 Nf6 5. Bd3 0-0 6. Be3 Nbd7 7. h3 c6 8. f4 e5 9. Nf3 Qb6 10. Qc2 c5 11. fxe5 dxe5 12. dxe5 Ne8 13. Nd5 Qd8 14. 0-0 a6 15. Nf4 Qc7 16. e6 fxe6 17. Nxe6 Qb8 18. Nxf8 Bxf8 19. Rae1 Nb6 20. e5 Nd7 21. Bxh7+ Kh8 22. Ng5 1-0

[Event "Sachsen-Anhalt-ch op"]
[Site "Magdeburg"]
[Date "2022.10.29"]
[Round "2"]
[White "Buschies, Edgar"]
[Black "Kaplan, Arne"]
[Result "1-0"]
[WhiteElo "1554"]
[BlackElo "1242"]
[PlyCount "27"]
[EventDate "2022.10.29"]
[EventType "swiss"]
[EventRounds "7"]
[EventCountry "GER"]
[SourceTitle "CBM 211 Extra"]
[Source "ChessBase"]
[SourceDate "2023.01.31"]
[SourceVersion "1"]
[SourceVersionDate "2023.01.31"]
[SourceQuality "1"]

1. e4 c6 2. d4 d5 3. e5 Bf5 4. f4 e6 5. Nf3 c5 6. Be3 cxd4 7. Nxd4 Ne7 8. Nd2 Nbc6 9. N2f3 Bg4 10. Be2 Nxd4 11. Nxd4 Nf5 12. Bb5+ Ke7 13. Nxf5+ Bxf5 14. Bc5+ 1-0